Paul Bert : L'inventeur de l'école laïque (notice n° 2084325)

détails MARC
000 -LEADER
fixed length control field 01476cam a2200133 4500500
005 - DATE AND TIME OF LATEST TRANSACTION
control field 20260405005516.0
041 ## - LANGUAGE CODE
Language code of text/sound track or separate title fre
042 ## - AUTHENTICATION CODE
Authentication code dc
100 10 - MAIN ENTRY--PERSONAL NAME
Personal name Dalisson, Rémi
Relator term author
245 00 - TITLE STATEMENT
Title Paul Bert : L'inventeur de l'école laïque
260 ## - PUBLICATION, DISTRIBUTION, ETC.
Name of publisher, distributor, etc. Armand Colin,<br/>
Date of publication, distribution, etc. 2015.<br/>
520 ## - SUMMARY, ETC.
Summary, etc. Qui n’a pas étudié dans un établissement scolaire Paul Bert ou habité rue Paul Bert ? Cependant, malgré cette omniprésence dans l’espace public, l’oeuvre de ce républicain est largement oubliée de nos jours. Paul Bert fut pourtant l’un des plus grands scientifiques français du XIXe siècle et un des pères fondateurs de l’école laïque et républicaine. S’il a été un partisan de la colonisation, notamment en Indochine, on retiendra de lui le grand patriote, traumatisé par la défaite de 1870, compagnon de Gambetta, Ferry et Buisson qui a laissé une loi sur la généralisation des Écoles normales et rédigé un fameux manuel d’éducation civique. Rémi Dalisson réhabilite ici la mémoire de ce savant engagé en politique, de ce libre-penseur qui voulait émanciper les consciences par la raison et l’école. Paul Bert pousse aussi à la réflexion sur la mémoire, sur la citoyenneté et sur l’éthique républicaine, dans le contexte d’un retour de la morale laïque et civique, alors que se multiplient les crispations identitaires.
856 41 - ELECTRONIC LOCATION AND ACCESS
Uniform Resource Identifier <a href="https://shs.cairn.info/paul-bert--9782200289591?lang=fr&redirect-ssocas=7080">https://shs.cairn.info/paul-bert--9782200289591?lang=fr&redirect-ssocas=7080</a>

Pas d'exemplaire disponible.

PLUDOC

PLUDOC est la plateforme unique et centralisée de gestion des bibliothèques physiques et numériques de Guinée administré par le CEDUST. Elle est la plus grande base de données de ressources documentaires pour les Étudiants, Enseignants chercheurs et Chercheurs de Guinée.

Adresse

627 919 101/664 919 101

25 boulevard du commerce
Kaloum, Conakry, Guinée

Réseaux sociaux

Powered by Netsen Group @ 2025